| 000 | 00558nam a22001937a 4500 | ||
|---|---|---|---|
| 003 | NUST - PNEC | ||
| 005 | 20170116180749.0 | ||
| 008 | 150306b xxu||||| |||| 00| 0 eng d | ||
| 020 | _a0710083483 | ||
| 040 | _cLIBRARY | ||
| 082 | _a305.89159 AHM | ||
| 100 |
_91618 _aAhmed Akbar S. |
||
| 245 |
_aMillennium & Charisma among Pathans : A Critical essay in Social anthropology _cAkbsr S. Ahmed |
||
| 250 | _a- | ||
| 260 |
_aLondon _bRoutledge & Kegan Paul _cc1976. |
||
| 300 | _a173 p. : | ||
| 650 |
_91619 _aGroups of People _xGeneral |
||
| 942 |
_2ddc _cBK |
||
| 999 |
_c62500 _d62500 |
||